| 000 | 00876nam a22002535a 4500 | ||
|---|---|---|---|
| 005 | 20170115160423.0 | ||
| 008 | 170111t2010 paua frb 001 0 eng d | ||
| 020 | _a9781615206117 | ||
| 020 | _a2370003340396 (v. 1) | ||
| 020 | _a2370003340310 (v. 2) | ||
| 020 | _a2370003340303(v. 3) | ||
| 040 |
_aEG-ScBUE _beng _cEG-ScBUE _dEG-ScBUE |
||
| 082 | 0 | 4 |
_a658.87203 _222 _bENC |
| 245 | 0 | 0 |
_aEncyclopedia of e-business development and management in the global economy / _c[editor] In Lee. |
| 260 |
_aHershey ; _aNew York : _bBusiness Science Reference, _cc.2010. |
||
| 300 |
_a3 v. : _bill. ; _c28 cm. |
||
| 504 | _aIncludes bibliographical references and indexes. | ||
| 590 | _acomposed by BUE staff. | ||
| 650 | 7 |
_2BUEsh _927484 _aElectronic commerce _xManagement. |
|
| 651 | _2BUEsh | ||
| 653 |
_bBUSADM _cJanuary2017 |
||
| 700 | 1 |
_aLee, In, _d1958- _eeditor. |
|
| 942 | _2ddc | ||
| 999 |
_c23885 _d23857 |
||